000 01995nam a2200313Ia 4500
999 _c55585
_d55585
001 22667
003 GE_BSU
005 20230411141941.0
008 181216s ||||ge |||||||||||||| ||geo||
020 _a9789941272516
040 _cGE_BSU
041 _ageo
080 _a141.72+342.726+396(479.22) ვ-58
245 _aვის ეშინია ფემინიზმის საქართველოში ქალთა პოლიტიკური ბრძოლის ველი :
_b[კრებული] სტატიების სერიის მეორე წიგნი /
_cრედაქტორები : ეთუნა ნოღაიდელი, სალომე ცოფურაშვილი ; გარეკანის დიზაინი : თეონა ჭანიშვილი.
264 _aთბილისი
_bჰაინრიჰ ბიოლის ფონდის სამხრეთ კავკასიის რეგიონული ბიურო (შპს სეზანი),
_c2017.
300 _a212 გვ. ;
_c 23 სმ.
504 _aბიბლიოგრ. : გვ. 194-201
541 _h5ლ.
653 _aვის ეშინია ფემინიზმის საქართველოში ქალთა პოლიტიკური ბრძოლის ველი
653 _a[კრებული]
653 _aფემინიზმი
653 _aქალთა უფლებების დაცვა საქართველოში
653 _aქალთა მოძრაობა
653 _aქალთა საკითხები
653 _aქალთა მდგომარეობა
700 _aნოღაიდელი, ეთუნა
_eრედაქტორი
_917617
700 _aცოფურაშვილი, სალომე
_eრდაქტორი
_917618
942 _cBK
_2udc